[Event "1. OEsterreichische Internet Schach Meisterschaft - Vorrunde 1"]
[Site "Online - Playchess.com"]
[Date ""]
[Round "9"]
[Board "14"]
[White "Charaus, Florian"]
[Black "Pilshofer, Paul"]
[Result "1-0"]
[WhiteElo "2055"]
[BlackElo "1715"]
[PlyCount "67"]
[EventDate "2020.04.11"]
[EventRounds "9"]
[EventCountry "AUT"]

1. d4 d5 2. c4 e6 3. Nc3 Nf6 4. cxd5 exd5 5. Bg5 Nbd7 6. e3 c6 7. Bd3 Qa5 8.
Nf3 Ne4 9. Qc2 Bb4 10. Bxe4 dxe4 11. Qxe4+ Kf8 12. O-O f6 13. Bf4 Nb6 14. a3
Be7 15. b4 Qh5 16. Bg3 Bf5 17. Qh4 Qf7 18. e4 g5 19. Qh6+ Ke8 20. exf5 Bf8 21.
Rfe1+ Kd7 22. Qh3 h5 23. Nxg5 fxg5 24. Be5 Bg7 25. f6+ g4 26. Qg3 Bxf6 27. Qf4
Raf8 28. Rad1 Bxe5 29. dxe5+ Kc8 30. Qe3 Nc4 31. Qxa7 Kc7 32. e6 Qf6 33. Rd7+
Kc8 34. Qa8#  1-0

[Event "1. OEsterreichische Internet Schach Meisterschaft - Vorrunde 1"]
[Site "Online - Playchess.com"]
[Date ""]
[Round "9"]
[Board "15"]
[White "Sulzbacher, Michael"]
[Black "Goelles, Herbert"]
[Result "0-1"]
[WhiteElo "2018"]
[BlackElo "1705"]
[PlyCount "148"]
[EventDate "2020.04.11"]
[EventRounds "9"]
[EventCountry "AUT"]

1. f4 d6 2. Nf3 g6 3. b3 Bg7 4. Nc3 f5 5. Bb2 Nf6 6. e3 O-O 7. Be2 c6 8. O-O
Qc7 9. Rb1 e5 10. fxe5 dxe5 11. Ng5 h6 12. Bc4+ Kh8 13. Nf3 Nbd7 14. Ba3 c5 15.
Nd5 Nxd5 16. Bxd5 e4 17. Nh4 Qd6 18. Bc4 Ne5 19. d4 Nxc4 20. bxc4 Qf6 21. Bxc5
Rd8 22. g3 b6 23. Bb4 Ba6 24. Qe2 Rac8 25. Qf2 Bxc4 26. Rfc1 Rd7 27. a3 Rf7 28.
Ng2 g5 29. Bd2 Qe6 30. Rb4 Bf8 31. c3 Bxb4 32. axb4 a5 33. Ra1 Ra8 34. h4 Rfa7
35. hxg5 hxg5 36. bxa5 bxa5 37. Qe1 Rh7 38. Kf2 a4 39. Qb1 a3 40. Qb4 a2 41.
Bc1 Bd5 42. c4 Bxc4 43. d5 Bxd5 44. Bb2+ Kg8 45. Qd4 Rc8 46. Bc3 Kf7 47. Nh4
gxh4 48. gxh4 Rg8 49. Rd1 Rd8 50. Rg1 Rd7 51. Rg7+ Rxg7 52. Qxg7+ Ke8 53. Qh8+
Qg8 54. Qe5+ Re7 55. Qb8+ Kf7 56. Qd6 Be6 57. Qe5 Qg6 58. h5 Qg4 59. h6 Qf3+
60. Kg1 Qxe3+ 61. Kh2 Qxh6+ 62. Kg1 f4 63. Qxe4 Qg6+ 64. Qxg6+ Kxg6 65. Kf2 Rc7
66. Bd4 Rc1 67. Kf3 Kf5 68. Bb2 Bd5+ 69. Ke2 Rb1 70. Bd4 Ke4 71. Bh8 f3+ 72.
Kf2 a1=Q 73. Bxa1 Rxa1 74. Kg3 Ra2 {Thor gibt auf}  0-1

[Event "1. OEsterreichische Internet Schach Meisterschaft - Vorrunde 1"]
[Site "Online - Playchess.com"]
[Date ""]
[Round "9"]
[Board "16"]
[White "Schneider-Zinner, Harald"]
[Black "Hechl, Gerald"]
[Result "1-0"]
[WhiteElo "2381"]
[BlackElo "2333"]
[PlyCount "39"]
[EventDate "2020.04.11"]
[EventRounds "9"]
[EventCountry "AUT"]

1. d4 b6 2. Nf3 Bb7 3. g3 e6 4. Bg2 g6 5. O-O Bg7 6. c4 Ne7 7. Nc3 d6 8. e4 Nd7
9. Qc2 a6 10. Be3 h6 11. Rad1 O-O 12. Rfe1 e5 13. dxe5 Nxe5 14. Nxe5 Bxe5 15.
Bxh6 Re8 16. Be3 Kg7 17. f4 Bxc3 18. Qxc3+ Kh7 19. Qf6 Kg8 20. Bd4 {Drawgerry
gibt auf}  1-0

[Event "1. OEsterreichische Internet Schach Meisterschaft - Vorrunde 1"]
[Site "Online - Playchess.com"]
[Date ""]
[Round "9"]
[Board "17"]
[White "Iro, Christian"]
[Black "Morgunov, Marc"]
[Result "1-0"]
[WhiteElo "2081"]
[BlackElo "2341"]
[PlyCount "97"]
[EventDate "2020.04.11"]
[EventRounds "9"]
[EventCountry "AUT"]

1. e4 c5 2. Nf3 d6 3. d4 cxd4 4. Nxd4 Nf6 5. Nc3 a6 6. Be2 e5 7. Nb3 Be6 8. Be3
Nbd7 9. O-O Be7 10. f3 O-O 11. Nd5 Bxd5 12. exd5 Rc8 13. c4 Re8 14. Qd2 Bf8 15.
Na5 Rc7 16. b4 h5 17. Rac1 e4 18. f4 Ng4 19. Bxg4 hxg4 20. Qe2 f5 21. Rfd1 Kf7
22. Qd2 Qf6 23. c5 dxc5 24. d6 Rcc8 25. bxc5 b6 26. c6 Red8 27. Nb7 Nc5 28.
Bxc5 bxc5 29. Nxd8+ Rxd8 30. c7 Rxd6 31. Qxd6 Bxd6 32. c8=Q Bxf4 33. Rxc5 Be3+
34. Kh1 Bxc5 35. Qxc5 Kg8 36. Qd5+ Kh7 37. Qd8 Qe5 38. Qh4+ Kg6 39. Qf2 e3 40.
Qe2 f4 41. Qxg4+ Kh7 42. Qe2 g5 43. Rd7+ Kg6 44. Rd1 Kf5 45. a4 g4 46. h3 f3
47. gxf3 gxh3 48. Rg1 Qd4 49. Rg4 {Zeit}  1-0

[Event "1. OEsterreichische Internet Schach Meisterschaft - Vorrunde 1"]
[Site "Online - Playchess.com"]
[Date ""]
[Round "9"]
[Board "18"]
[White "Platzgummer, Fabian"]
[Black "Brod, Manfred"]
[Result "1-0"]
[WhiteElo "2336"]
[BlackElo "2211"]
[PlyCount "85"]
[EventDate "2020.04.11"]
[EventRounds "9"]
[EventCountry "AUT"]

1. Nf3 c5 2. c4 Nc6 3. d4 cxd4 4. Nxd4 g6 5. Nc3 Bg7 6. Nxc6 bxc6 7. g3 Nf6 8.
Bg2 O-O 9. O-O Rb8 10. Rb1 Qc7 11. Bf4 e5 12. Bg5 d6 13. Qd2 Be6 14. b3 Rfc8
15. Rfd1 Ne8 16. e4 f6 17. Bh6 f5 18. c5 dxc5 19. Bxg7 Kxg7 20. Qe3 c4 21. bxc4
Bxc4 22. exf5 Nf6 23. fxg6 hxg6 24. Re1 Rxb1 25. Rxb1 Rd8 26. h4 Rd3 27. Qe1
Nd5 28. Ne4 Bxa2 29. Rc1 Ne7 30. Nc5 Rd4 31. Qe2 Bd5 32. Bxd5 Qd6 33. Ne6+ Kf6
34. Nxd4 cxd5 35. Nf3 e4 36. Qb2+ Kf5 37. Nd4+ Kg4 38. Qe2+ Kh3 39. Rc3 Qb4 40.
Qe3 Qb1+ 41. Rc1 Qd3 42. Qxd3 exd3 43. Rd1 {Zeit}  1-0

[Event "1. OEsterreichische Internet Schach Meisterschaft - Vorrunde 1"]
[Site "Online - Playchess.com"]
[Date ""]
[Round "9"]
[Board "19"]
[White "Neuschmied, Siegfried"]
[Black "Poecksteiner, Johann"]
[Result "0-1"]
[WhiteElo "2268"]
[BlackElo "2155"]
[PlyCount "118"]
[EventDate "2020.04.11"]
[EventRounds "9"]
[EventCountry "AUT"]

1. e4 d5 2. exd5 Qxd5 3. Nc3 Qa5 4. d4 Nf6 5. Nf3 Bg4 6. h3 Bh5 7. g4 Bg6 8.
Ne5 e6 9. Bg2 c6 10. O-O Nbd7 11. Qe2 Nxe5 12. dxe5 Nd7 13. Bf4 O-O-O 14. a3 h5
15. b4 Qc7 16. Bg3 hxg4 17. hxg4 Be7 18. Rfe1 Bh4 19. Qe3 Bxg3 20. Qxg3 Nb6 21.
Qe3 Kb8 22. a4 Nd5 23. Nxd5 cxd5 24. Rac1 Rc8 25. c4 dxc4 26. Rc3 Bd3 27. Rec1
Qd7 28. a5 a6 29. Qb6 Qc7 30. Qe3 Rcd8 31. f4 Rh4 32. Qf3 Qd7 33. Rd1 Qd4+ 34.
Qf2 Qxf2+ 35. Kxf2 Rxg4 36. Bf3 Rxf4 37. Ke3 Rf5 38. Rxc4 Rxe5+ 39. Kf2 Bxc4
40. Rxd8+ Kc7 41. Rf8 Rf5 42. Ke3 Bd5 43. Be2 g5 44. Re8 Bc6 45. Rg8 Kd6 46.
Rd8+ Ke5 47. Bd3 Rf3+ 48. Kd2 g4 49. b5 Bxb5 50. Bxb5 axb5 51. Rd7 f5 52. Rxb7
Ra3 53. Rxb5+ Ke4 54. Rb4+ Kd5 55. Rb6 e5 56. Rb5+ Kd4 57. Rb4+ Kc5 58. Rb8
Rxa5 59. Rf8 f4 {Sigfrido gibt auf}  0-1

[Event "1. OEsterreichische Internet Schach Meisterschaft - Vorrunde 1"]
[Site "Online - Playchess.com"]
[Date ""]
[Round "9"]
[Board "20"]
[White "Nolz, Tom"]
[Black "Gelbenegger, Patrick"]
[Result "1/2-1/2"]
[WhiteElo "2157"]
[BlackElo "2240"]
[PlyCount "147"]
[EventDate "2020.04.11"]
[EventRounds "9"]
[EventCountry "AUT"]

1. Nf3 c5 2. g3 Nc6 3. Bg2 d6 4. O-O g6 5. c3 Bg7 6. d4 cxd4 7. cxd4 Bf5 8. Nc3
Qd7 9. e4 Bh3 10. d5 Ne5 11. Nxe5 Bxe5 12. Bxh3 Qxh3 13. Qa4+ Kf8 14. f4 Bd4+
15. Qxd4 Nf6 16. Be3 h5 17. Rf2 h4 18. Ne2 Kg8 19. Rg2 hxg3 20. Nxg3 Ng4 21.
Qd2 Nxh2 22. Rxh2 Qxg3+ 23. Rg2 Qh3 24. Re1 Rc8 25. Bd4 Rh4 26. Bc3 Rc4 27. Qe3
Qxe3+ 28. Rxe3 Rxf4 29. Rge2 b5 30. a3 f6 31. Kg2 g5 32. Kg3 Rh4 33. b3 Rc8 34.
Bd4 a6 35. a4 bxa4 36. bxa4 Rc4 37. Bb6 Rxa4 38. Rc3 Rhxe4 39. Rxe4 Rxe4 40.
Rc7 Kf7 41. Ra7 Re5 42. Bd8 f5 43. Rxa6 Rxd5 44. Ra7 Re5 45. Ba5 Kg6 46. Kf2 f4
47. Bc3 Re4 48. Ra5 e5 49. Ra6 Kf5 50. Rxd6 g4 51. Rd8 g3+ 52. Kg2 Re2+ 53. Kf1
Rf2+ 54. Kg1 e4 55. Rf8+ Kg4 56. Be5 Ra2 57. Rxf4+ Kh3 58. Rxe4 Rc2 59. Re1 Rc5
60. Bd6 Rf5 61. Bc7 Rf3 62. Be5 Rd3 63. Bf4 Ra3 64. Bd6 Ra2 65. Be5 Rg2+ 66.
Kh1 Rh2+ 67. Kg1 Ra2 68. Re3 Rg2+ 69. Kf1 Kh2 70. Re4 Rg1+ 71. Ke2 Kg2 72. Rg4
Kh3 73. Rxg3+ Rxg3 74. Bxg3  1/2-1/2

[Event "1. OEsterreichische Internet Schach Meisterschaft - Vorrunde 1"]
[Site "Online - Playchess.com"]
[Date ""]
[Round "9"]
[Board "21"]
[White "Bachler, Reinhard"]
[Black "Kruckenhauser, Arthur"]
[Result "1-0"]
[WhiteElo "2143"]
[BlackElo "2233"]
[PlyCount "81"]
[EventDate "2020.04.11"]
[EventRounds "9"]
[EventCountry "AUT"]

1. f4 e5 2. fxe5 d6 3. exd6 Bxd6 4. Nf3 Nf6 5. d4 O-O 6. c3 Nc6 7. Bg5 Bf5 8.
Nbd2 Re8 9. Qb3 Qc8 10. Bxf6 gxf6 11. g3 a5 12. a4 b6 13. Nh4 Be6 14. Qc2 Bd5
15. Rg1 Qg4 16. Nf5 Kh8 17. h3 Qg5 18. Bg2 Bxg3+ 19. Nxg3 Qxg3+ 20. Kf1 Rxe2
21. Kxe2 Re8+ 22. Be4 Qh2+ 23. Kf1 Bxe4 24. Nxe4 Qh1 25. Rxh1 f5 26. Nf6 Re6
27. Qxf5 Kg7 28. Rg1+ Kf8 29. Rg8+ Ke7 30. Re8+ Kd6 31. Rxe6+ fxe6 32. Qf4+ Ke7
33. Qxc7+ Kxf6 34. Qxc6 Kf5 35. Ke2 Kg5 36. Rf1 Kh4 37. Qf3 Kg5 38. Qf4+ Kg6
39. Qf6+ Kh5 40. Rf4 h6 41. Rh4#  1-0

[Event "1. OEsterreichische Internet Schach Meisterschaft - Vorrunde 1"]
[Site "Online - Playchess.com"]
[Date ""]
[Round "9"]
[Board "22"]
[White "Lerch, Johannes"]
[Black "Meier, Alexander"]
[Result "1/2-1/2"]
[WhiteElo "2005"]
[BlackElo "2226"]
[PlyCount "134"]
[EventDate "2020.04.11"]
[EventRounds "9"]
[EventCountry "AUT"]

1. e4 c5 2. Nc3 Nc6 3. g3 g6 4. Bg2 Bg7 5. d3 b6 6. Be3 Bb7 7. Qd2 e6 8. Nge2
d6 9. O-O-O Nd4 10. Kb1 Rb8 11. h4 h5 12. f4 Ne7 13. Ng1 Qd7 14. Nce2 b5 15.
Nf3 Nxf3 16. Bxf3 b4 17. d4 c4 18. Qxb4 O-O 19. Qxc4 Rfc8 20. Qd3 Qa4 21. b3
Qa5 22. Bd2 Qa3 23. Bc1 Qa5 24. Bd2 Qa3 25. Bc1 Qb4 26. Bb2 a5 27. Qd2 Qb6 28.
Nc3 Bc6 29. Rhe1 a4 30. Qe3 axb3 31. cxb3 Qb4 32. Qd2 Qb7 33. Rc1 d5 34. e5 Nf5
35. Qf2 Bb5 36. g4 hxg4 37. Bxg4 Bd3+ 38. Ka1 Ra8 39. Qd2 Qa6 40. a3 Nxd4 41.
Ka2 Nb5 42. Nxb5 Bxb5 43. Bd1 Bf8 44. a4 Bc6 45. Qe2 Qb6 46. Qd2 Bd7 47. Qd4
Bc5 48. Qd2 Bb4 49. Qe3 Bc5 50. Qd2 Be7 51. Qe3 Qxe3 52. Rxe3 Bxh4 53. Rxc8+
Rxc8 54. Rc3 Rxc3 55. Bxc3 Bg3 56. Bd2 Bf2 57. a5 Bb5 58. b4 Kf8 59. Ka3 Ke7
60. Ba4 Bxa4 61. Kxa4 Kd7 62. Kb5 Kc7 63. a6 Ba7 64. Ka5 Bb6+ 65. Kb5 Ba7 66.
Ka5 Bb6+ 67. Kb5 Ba7  1/2-1/2

[Event "1. OEsterreichische Internet Schach Meisterschaft - Vorrunde 1"]
[Site "Online - Playchess.com"]
[Date ""]
[Round "9"]
[Board "23"]
[White "Bachner, Karsten"]
[Black "Schein, Karl-Heinz"]
[Result "0-1"]
[WhiteElo "1997"]
[BlackElo "2187"]
[PlyCount "84"]
[EventDate "2020.04.11"]
[EventRounds "9"]
[EventCountry "AUT"]

1. e4 c5 2. Nf3 Nc6 3. d4 cxd4 4. Nxd4 Nf6 5. Nc3 d6 6. Be2 e5 7. Ndb5 a6 8.
Na3 b5 9. Bg5 b4 10. Bxf6 gxf6 11. Bc4 bxc3 12. Qh5 Qe7 13. bxc3 Be6 14. Bd3
Bg7 15. O-O O-O 16. f4 Kh8 17. f5 Bd7 18. Rf3 Rg8 19. Bc4 Nd8 20. Raf1 Bc6 21.
Bd3 d5 22. exd5 Bxd5 23. Rh3 h6 24. Nc4 Bxc4 25. Bxc4 Qc5+ 26. Kh1 Qxc4 27.
Rff3 Qc5 28. Rh4 Rb8 29. h3 Rb1+ 30. Kh2 Qd6 31. Re4 Rd1 32. Rg3 Re1 33. Rh4
Qf8 34. c4 Rf1 35. c5 Rf4 36. Rgg4 Rxg4 37. Rxg4 Qxc5 38. Rh4 Qd6 39. Qe2 e4+
40. Kh1 Re8 41. Rh5 e3 42. g4 Qd2 {KaBa1995 gibt auf}  0-1

[Event "1. OEsterreichische Internet Schach Meisterschaft - Vorrunde 1"]
[Site "Online - Playchess.com"]
[Date ""]
[Round "9"]
[Board "24"]
[White "Stolzlechner, Thomas"]
[Black "Wischounig, Laurin"]
[Result "0-1"]
[WhiteElo "2037"]
[BlackElo "1878"]
[PlyCount "124"]
[EventDate "2020.04.11"]
[EventRounds "9"]
[EventCountry "AUT"]

1. e4 c6 2. Nc3 d5 3. Nf3 Bg4 4. h3 Bxf3 5. Qxf3 e6 6. d3 Nd7 7. Be2 Bc5 8. O-O
Ne7 9. Qg3 Ng6 10. Kh1 O-O 11. Bh5 Bd4 12. Ne2 Bf6 13. f4 Qb6 14. f5 exf5 15.
exf5 Ne7 16. Nf4 Nxf5 17. Qg4 g6 18. Nxg6 fxg6 19. Bxg6 Ne5 20. Qxf5 Nxg6 21.
Qe6+ Kg7 22. Rxf6 Rxf6 23. Bh6+ Kxh6 24. Qxf6 Rf8 25. Qd6 Qf2 26. Rg1 Qf4 27.
Qd7 Rf7 28. Qe8 Kg7 29. Qd8 Qf6 30. Qa5 a6 31. Qd2 Qxb2 32. d4 Rf4 33. Re1 Qxd4
34. Qe2 Qe4 35. Qd1 Qf5 36. Qa1+ Qf6 37. Qd1 Rf2 38. Qh5 Rf1+ 39. Rxf1 Qxf1+
40. Kh2 Qf4+ 41. Kh1 Qe5 42. Qf3 Qf4 43. Qc3+ Qf6 44. Qc5 Qe7 45. Qb6 Qe1+ 46.
Kh2 Qe7 47. Qd4+ Qe5+ 48. Qxe5+ Nxe5 49. Kg3 Kf6 50. Kf4 Nc4 51. g4 h6 52. g5+
hxg5+ 53. Kf3 Kf5 54. Ke2 Kf4 55. Kd3 Kg3 56. Kd4 Kxh3 57. Kc5 g4 58. a4 g3 59.
a5 g2 60. c3 g1=Q+ 61. Kb4 Qb1+ 62. Ka4 Qb5#  0-1

[Event "1. OEsterreichische Internet Schach Meisterschaft - Vorrunde 1"]
[Site "Online - Playchess.com"]
[Date ""]
[Round "9"]
[Board "25"]
[White "Breneis, Gerhard"]
[Black "Schroll, Gerhard"]
[Result "1/2-1/2"]
[WhiteElo "1990"]
[BlackElo "2321"]
[PlyCount "81"]
[EventDate "2020.04.11"]
[EventRounds "9"]
[EventCountry "AUT"]

1. e4 e5 2. Nc3 Nf6 3. f4 d5 4. fxe5 Nxe4 5. d3 Nxc3 6. bxc3 Nc6 7. Nf3 Be7 8.
d4 Bf5 9. Bd3 Bxd3 10. cxd3 O-O 11. O-O Qd7 12. Rb1 Nd8 13. Bf4 c6 14. Rb2 Ne6
15. Be3 b5 16. Qd2 a5 17. Bg5 Bxg5 18. Nxg5 Qe7 19. Nxe6 fxe6 20. Rbb1 Qa3 21.
Rxf8+ Rxf8 22. Rf1 Rxf1+ 23. Kxf1 b4 24. cxb4 axb4 25. Qc2 Qa6 26. Ke2 Kf7 27.
Ke3 h6 28. Qb3 Qb5 29. Qc2 Kg6 30. Qf2 b3 31. Qb2 bxa2 32. Qxa2 Qb4 33. Qe2 Kh7
34. Qd2 Qb1 35. Kf2 Qa1 36. Qe3 Qb2+ 37. Kg3 Qc3 38. Kf3 Qc2 39. Kg3 Qd1 40.
Qf3 Qe1+ 41. Qf2  1/2-1/2

[Event "1. OEsterreichische Internet Schach Meisterschaft - Vorrunde 1"]
[Site "Online - Playchess.com"]
[Date ""]
[Round "9"]
[Board "26"]
[White "Horvath, Maria"]
[Black "Mostbauer, Florian"]
[Result "0-1"]
[WhiteElo "1995"]
[BlackElo "2309"]
[PlyCount "114"]
[EventDate "2020.04.11"]
[EventRounds "9"]
[EventCountry "AUT"]

1. d4 d5 2. c4 c6 3. Nf3 Nf6 4. Nc3 dxc4 5. a4 Bf5 6. e3 e6 7. Bxc4 Bb4 8. O-O
O-O 9. Qe2 Ne4 10. Nxe4 Bxe4 11. Bd2 Bxf3 12. gxf3 Bxd2 13. Qxd2 Nd7 14. Kh1 e5
15. Rg1 Qf6 16. Rg3 exd4 17. exd4 Rfd8 18. Rd1 Nf8 19. d5 Rd6 20. Qb4 b6 21.
Rdg1 g6 22. dxc6 Rc8 23. Bb5 Rd4 24. Qc3 Ne6 25. b3 Kg7 26. Qe3 Rf4 27. Rd1 Nd4
28. Rd3 Nxc6 29. Bxc6 Rxc6 30. Rd7 Re6 31. Qd3 h5 32. Kg2 h4 33. Rg4 h3+ 34.
Kg3 Rxg4+ 35. fxg4 a5 36. Qd4 Rc6 37. Qxf6+ Kxf6 38. Rd3 Rc2 39. Rf3+ Kg7 40.
Kxh3 g5 41. Kg3 Kg6 42. h4 gxh4+ 43. Kxh4 f6 44. Kg3 Rd2 45. Kg2 Rb2 46. Kg3
Kg5 47. Rc3 Rb1 48. Rd3 Rg1+ 49. Kh2 Rxg4 50. Rd5+ f5 51. Rb5 Rb4 52. Rxb4 axb4
53. Kg2 Kf4 54. Kf1 Kf3 55. Ke1 Kg2 56. Ke2 f4 57. f3 Kg3 {Zeit}  0-1

[Event "1. OEsterreichische Internet Schach Meisterschaft - Vorrunde 1"]
[Site "Online - Playchess.com"]
[Date ""]
[Round "9"]
[Board "27"]
[White "Belke, Frank"]
[Black "Missethan, Michael"]
[Result "1-0"]
[WhiteElo "2273"]
[BlackElo "2015"]
[PlyCount "145"]
[EventDate "2020.04.11"]
[EventRounds "9"]
[EventCountry "AUT"]

1. d4 d5 2. c4 e6 3. Nc3 Nf6 4. Bg5 Be7 5. Nf3 h6 6. Bh4 O-O 7. Qc2 a6 8. e3
dxc4 9. Bxc4 b5 10. Be2 Bb7 11. O-O c5 12. Rad1 Nbd7 13. Ne5 Nxe5 14. dxe5 Nd5
15. Bg3 Qc7 16. Ne4 Nb4 17. Qb1 Qc6 18. Bf3 Qc7 19. Rc1 Rfd8 20. a3 Nd3 21. Rc3
Nxe5 22. Nxc5 Nxf3+ 23. gxf3 Qb6 24. Nxb7 Qxb7 25. Qe4 Qxe4 26. fxe4 Rd2 27. b4
Rad8 28. Rc6 Bf6 29. Rxa6 Ra2 30. Ra5 Rdd2 31. Rxb5 Rxa3 32. Rc1 Rb3 33. Rc8+
Kh7 34. Rb7 Kg6 35. Rcc7 Rdb2 36. Bd6 Rb1+ 37. Kg2 R3b2 38. Rxf7 Ra1 39. Bg3
Raa2 40. Kf3 h5 41. e5 h4 42. exf6 hxg3 43. Rxg7+ Kxf6 44. Rbf7+ Ke5 45. fxg3
Rxb4 46. Rg5+ Kd6 47. Rg8 Rxh2 48. Rd8+ Kc6 49. Rf4 Rb3 50. Rdd4 Rh1 51. Rfe4
Rf1+ 52. Kg4 Re1 53. Rxe6+ Kc7 54. Rde4 Rb8 55. Re7+ Kc6 56. R7e6+ Kc7 57. Re8
Rb2 58. Kg5 Rb5+ 59. R8e5 Rb8 60. Re8 Rb2 61. g4 Rg2 62. R4e7+ Kd6 63. Re6+ Kd7
64. R8e7+ Kd8 65. Rh7 Reg1 66. Re4 Rd1 67. Ra4 Rd5+ 68. Kf4 Rd7 69. Ra8+ Kc7
70. Ra7+ Kc6 71. Raxd7 Kc5 72. g5 Kc6 73. Kf5 {Mmikey gibt auf}  1-0

[Event "1. OEsterreichische Internet Schach Meisterschaft - Vorrunde 1"]
[Site "Online - Playchess.com"]
[Date ""]
[Round "9"]
[Board "28"]
[White "Pali, Philipp"]
[Black "Ragger, Anna-Christina"]
[Result "1/2-1/2"]
[WhiteElo "2245"]
[BlackElo "2204"]
[PlyCount "168"]
[EventDate "2020.04.11"]
[EventRounds "9"]
[EventCountry "AUT"]

1. c4 c6 2. g3 d5 3. Bg2 Nf6 4. Nf3 Bg4 5. Ne5 Be6 6. cxd5 Bxd5 7. Nf3 e5 8.
Nc3 Bxf3 9. Bxf3 Be7 10. Qb3 Qb6 11. Qc4 O-O 12. d3 Nbd7 13. O-O Qc7 14. b4 Nb6
15. Qb3 Nbd5 16. Nxd5 cxd5 17. Bg5 e4 18. dxe4 dxe4 19. Bg2 Rfe8 20. Rac1 Qb6
21. a3 a5 22. b5 a4 23. Qb2 h6 24. Be3 Qe6 25. Rc7 Qb3 26. Qxb3 axb3 27. Rxb7
Rxa3 28. Rb1 Bd6 29. Bd4 e3 30. fxe3 Be5 31. Bc5 Ra1 32. Rxa1 Bxa1 33. Bh3 g6
34. Ba3 b2 35. Bxb2 Bxb2 36. Kf2 Bc1 37. Rc7 Bxe3+ 38. Kf3 Nd5 39. Rc6 Bg1 40.
Kg2 Bb6 41. Bg4 Bd4 42. Bf3 Ne3+ 43. Kh3 Rb8 44. Rd6 Bc5 45. Rd7 Rxb5 46. Be4
Kg7 47. Bd3 Rb2 48. Ba6 Ra2 49. Bb5 Ra1 50. Bd3 Rf1 51. Rc7 Bd4 52. Rd7 Bb6 53.
Rb7 Ba5 54. Ra7 Bd2 55. Ra2 Be1 56. Ra1 Rg1 57. Rb1 Bf2 58. Rb7 Nf1 59. Rb1 h5
60. e3 Bxe3 61. Rxf1 Rxf1 62. Bxf1 f5 63. Be2 Kf6 64. Kg2 Ke5 65. Kf3 Bc1 66.
Bc4 g5 67. Bf7 h4 68. gxh4 g4+ 69. Kf2 Bf4 70. Bc4 Ke4 71. Be2 Bxh2 72. h5 Bf4
73. Kg2 Bg5 74. Bd1 Ke3 75. Kg3 Bf4+ 76. Kg2 Kd2 77. Bb3 Be5 78. Be6 Ke3 79.
Bxf5 Kf4 80. Bxg4 Kxg4 81. h6 Bh8 82. h7 Kh5 83. Kf3 Kh6 84. Kg2 Kxh7  1/2-1/2

[Event "1. OEsterreichische Internet Schach Meisterschaft - Vorrunde 1"]
[Site "Online - Playchess.com"]
[Date ""]
[Round "9"]
[Board "29"]
[White "Moritz, Christian"]
[Black "Ofner, Maximilian"]
[Result "1-0"]
[WhiteElo "2077"]
[BlackElo "2177"]
[PlyCount "127"]
[EventDate "2020.04.11"]
[EventRounds "9"]
[EventCountry "AUT"]

1. d4 d5 2. Bf4 Nf6 3. e3 c5 4. Nd2 Nc6 5. c3 e6 6. Bd3 Be7 7. Ngf3 cxd4 8.
exd4 Nh5 9. Bg3 g6 10. Ne5 O-O 11. Qf3 f5 12. h4 f4 13. Bh2 Nxe5 14. dxe5 Qc7
15. Qe2 b5 16. Nf3 b4 17. O-O bxc3 18. bxc3 Qd8 19. c4 dxc4 20. Bxc4 Bxh4 21.
Rfd1 Qe7 22. Rd6 Ng7 23. Rad1 Nf5 24. Bxf4 Nxd6 25. exd6 Qd7 26. Ne5 Qb7 27. g3
Bf6 28. d7 Bxd7 29. Rxd7 Qb1+ 30. Rd1 Qb6 31. Nd7 Qc6 32. Qxe6+ Qxe6 33. Bxe6+
Kg7 34. Nxf6 Kxf6 35. Bg4 Rad8 36. Re1 Rfe8 37. Rxe8 Rxe8 38. Kf1 g5 39. Be3
Rb8 40. Bxa7 Ra8 41. Bd4+ Ke7 42. a3 Kd6 43. Bc3 Kc5 44. Bb4+ Kc4 45. Ke2 Rh8
46. Bh5 Rd8 47. Kf3 Rd3+ 48. Kg4 Rd4+ 49. Kxg5 Rd5+ 50. Kh4 Rf5 51. f4 h6 52.
Bg6 Rf6 53. Kh5 Kd5 54. Kxh6 Ke6 55. f5+ Kd5 56. Kg5 Rc6 57. f6 Ke5 58. f7 Rc4
59. f8=Q Rc6 60. Qf4+ Ke6 61. Qf6+ Kd5 62. Qxc6+ Kxc6 63. Kf6 Kb5 64. Bf5 {
Maexpower gibt auf}  1-0

[Event "1. OEsterreichische Internet Schach Meisterschaft - Vorrunde 1"]
[Site "Online - Playchess.com"]
[Date ""]
[Round "9"]
[Board "30"]
[White "Kern, Michael"]
[Black "Pirker, Christian"]
[Result "1-0"]
[WhiteElo "1957"]
[BlackElo "2167"]
[PlyCount "71"]
[EventDate "2020.04.11"]
[EventRounds "9"]
[EventCountry "AUT"]

1. d4 d5 2. Bf4 Nf6 3. e3 c5 4. c3 Nc6 5. Nd2 Qb6 6. Qb3 c4 7. Qc2 g6 8. e4
dxe4 9. Nxc4 Qd8 10. O-O-O Bf5 11. Ne5 Nxe5 12. dxe5 Qc7 13. g3 e3 14. Qa4+ Bd7
15. Bb5 O-O-O 16. exf6 Bxb5 17. Bxc7 Bxa4 18. Rxd8+ Kxc7 19. fxe7 exf2 20. Nh3
Bh6+ 21. Kb1 Rxd8 22. exd8=Q+ Kxd8 23. Nxf2 Be3 24. Nd3 Bc6 25. Re1 Bg5 26. Nf4
Kc7 27. Rd1 Be4+ 28. Ka1 a5 29. Rd4 Bc2 30. Nd5+ Kc6 31. Nf4 b5 32. h4 Bf6 33.
Rd2 Bf5 34. Re2 a4 35. Re8 a3 36. Rf8 {Zeit}  1-0

[Event "1. OEsterreichische Internet Schach Meisterschaft - Vorrunde 1"]
[Site "Online - Playchess.com"]
[Date ""]
[Round "9"]
[Board "31"]
[White "Schloffer, Jasmin-Denise"]
[Black "Trippold, Denise"]
[Result "1/2-1/2"]
[WhiteElo "2110"]
[BlackElo "2150"]
[PlyCount "75"]
[EventDate "2020.04.11"]
[EventRounds "9"]
[EventCountry "AUT"]

1. d4 d5 2. c4 e6 3. Nc3 c6 4. e3 Nf6 5. Nf3 Nbd7 6. Bd3 dxc4 7. Bxc4 b5 8. Be2
a6 9. e4 c5 10. d5 Qc7 11. O-O b4 12. e5 bxc3 13. exf6 Nxf6 14. dxe6 Bxe6 15.
bxc3 Bd6 16. Bg5 Nd5 17. Qa4+ Kf8 18. c4 Nc3 19. Qc2 Nxe2+ 20. Qxe2 Bg4 21. h3
Bh5 22. Rfe1 h6 23. Bd2 Qc6 24. Bc3 f6 25. Rad1 Re8 26. Qd3 Rxe1+ 27. Rxe1 Kf7
28. Rd1 Rd8 29. Qd5+ Qxd5 30. cxd5 Bxf3 31. gxf3 Ke7 32. Rb1 Rb8 33. Re1+ Kd7
34. Kg2 Re8 35. Rb1 Rb8 36. Re1 Re8 37. Rb1 Rb8 38. Re1  1/2-1/2

[Event "1. OEsterreichische Internet Schach Meisterschaft - Vorrunde 1"]
[Site "Online - Playchess.com"]
[Date ""]
[Round "9"]
[Board "32"]
[White "Rosol, Alexander"]
[Black "Froewis, Annika"]
[Result "1-0"]
[WhiteElo "1933"]
[BlackElo "2136"]
[PlyCount "101"]
[EventDate "2020.04.11"]
[EventRounds "9"]
[EventCountry "AUT"]

1. e4 e5 2. Nf3 Nc6 3. d4 exd4 4. Bc4 Nf6 5. O-O Bc5 6. c3 dxc3 7. e5 d5 8. Bb5
Ne4 9. Nxc3 Nxc3 10. bxc3 O-O 11. Bg5 Be7 12. Bf4 Bg4 13. Qd3 a6 14. Bxc6 bxc6
15. h3 Bh5 16. Nd4 Qd7 17. Qg3 Bg6 18. h4 c5 19. Nf3 c6 20. Rfe1 Kh8 21. e6
fxe6 22. Ne5 Qe8 23. Qh2 Rc8 24. g4 Bxh4 25. Qxh4 Rxf4 26. Qh2 Rf6 27. Re3 Be4
28. Rh3 h6 29. f3 Bg6 30. g5 Rf5 31. gxh6 Rg5+ 32. Kf2 Rb8 33. Re1 Rb2+ 34. Re2
Rxe2+ 35. Kxe2 Kg8 36. hxg7 Kxg7 37. Qf4 Rf5 38. Qh6+ Kf6 39. Ng4+ Ke7 40. Qg7+
Qf7 41. Qh8 Kd7 42. Qb8 Qf8 43. Qb7+ Kd8 44. Qa8+ Ke7 45. Qb7+ Ke8 46. Qxc6+
Kf7 47. Qd7+ Kg8 48. Nh6+ Qxh6 49. Rxh6 Rf7 50. Qe8+ Kg7 51. Qh8#  1-0